<?xml version="1.0" encoding="UTF-8"?>
<record
    xmlns:xsi="http://www.w3.org/2001/XMLSchema-instance"
    xsi:schemaLocation="http://www.loc.gov/MARC21/slim http://www.loc.gov/standards/marcxml/schema/MARC21slim.xsd"
    xmlns="http://www.loc.gov/MARC21/slim">

  <leader>01399nam a22002537a 4500</leader>
  <datafield tag="999" ind1=" " ind2=" ">
    <subfield code="c">22104</subfield>
    <subfield code="d">22104</subfield>
  </datafield>
  <controlfield tag="003">AR-CdUCM</controlfield>
  <controlfield tag="008">190425b           ||||| |||| 00| 0 spa d</controlfield>
  <datafield tag="040" ind1=" " ind2=" ">
    <subfield code="a">MUNICIPALIDAD PROVINCIAL DEL CUSCO</subfield>
    <subfield code="c">BIBLIOTECA MUNICIPAL DEL CUSCO</subfield>
  </datafield>
  <datafield tag="082" ind1=" " ind2=" ">
    <subfield code="a">Rev.Derecho/N&#xB0;87/1939</subfield>
  </datafield>
  <datafield tag="110" ind1=" " ind2=" ">
    <subfield code="a">Colegio de abogados del Cuzco</subfield>
    <subfield code="9">47449</subfield>
  </datafield>
  <datafield tag="245" ind1=" " ind2=" ">
    <subfield code="a">Revista del Derecho :</subfield>
    <subfield code="b">&#xF3;rgano del colegio de abogados /</subfield>
    <subfield code="c">Colegio de abogados del Cuzco</subfield>
  </datafield>
  <datafield tag="260" ind1=" " ind2=" ">
    <subfield code="a">Cusco :</subfield>
    <subfield code="b">H.G. Rozas,</subfield>
    <subfield code="c">1939.</subfield>
  </datafield>
  <datafield tag="300" ind1=" " ind2=" ">
    <subfield code="a">154 p&#xE1;ginas. :</subfield>
    <subfield code="c">25 cm.</subfield>
  </datafield>
  <datafield tag="440" ind1=" " ind2=" ">
    <subfield code="a">Revista del Derecho &#xF3;rgano del colegio de abogados.</subfield>
    <subfield code="n">A&#xF1;o XVII, abril de 1939, N&#xB0;87</subfield>
    <subfield code="9">47450</subfield>
  </datafield>
  <datafield tag="505" ind1=" " ind2=" ">
    <subfield code="a">Contenido: Contribuci&#xF3;n a la soluci&#xF3;n del problema ind&#xED;gena. Wenceslao Mujica. -- Relaci&#xF3;n de cuestiones nuevas promovidas en 2&#xB0; instancia. C&#xE9;sar A. Mu&#xF1;iz. -- La incorporaci&#xF3;n jur&#xED;dica del indio. Rafael Lechuga. -- La anotaci&#xF3;n en las demandas en los registros p&#xFA;blicos. -- Las comunidades ind&#xED;genas. Jorge Cornejo Bouroncle. -- El plebiscito en las comunidades ind&#xED;genas. Alfredo Rodr&#xED;guez. -- La Ciencia. P&#xED;o Benjam&#xED;n Diaz. -- Homenaje al Inca Garcilaso de la Vega.</subfield>
  </datafield>
  <datafield tag="650" ind1=" " ind2=" ">
    <subfield code="a">Legislaci&#xF3;n del trabajo </subfield>
    <subfield code="9">30756</subfield>
  </datafield>
  <datafield tag="650" ind1=" " ind2=" ">
    <subfield code="a">Comunidades ind&#xED;genas</subfield>
    <subfield code="9">3290</subfield>
  </datafield>
  <datafield tag="650" ind1=" " ind2=" ">
    <subfield code="a">Abor&#xED;genes peruanos</subfield>
    <subfield code="9">29820</subfield>
  </datafield>
  <datafield tag="650" ind1=" " ind2=" ">
    <subfield code="a">Derecho Social</subfield>
    <subfield code="9">46681</subfield>
  </datafield>
  <datafield tag="700" ind1=" " ind2=" ">
    <subfield code="a">Mu&#xF1;iz, Cesar</subfield>
    <subfield code="9">45904</subfield>
  </datafield>
  <datafield tag="700" ind1=" " ind2=" ">
    <subfield code="a">Mujica, Wenceslao</subfield>
    <subfield code="9">47451</subfield>
  </datafield>
  <datafield tag="942" ind1=" " ind2=" ">
    <subfield code="2">ddc</subfield>
    <subfield code="c">PP</subfield>
  </datafield>
  <datafield tag="945" ind1=" " ind2=" ">
    <subfield code="a">rac</subfield>
  </datafield>
  <datafield tag="952" ind1=" " ind2=" ">
    <subfield code="0">0</subfield>
    <subfield code="2">ddc</subfield>
    <subfield code="4">0</subfield>
    <subfield code="7">0</subfield>
    <subfield code="a">HEM</subfield>
    <subfield code="b">HEM</subfield>
    <subfield code="c">CART</subfield>
    <subfield code="d">2022-03-07</subfield>
    <subfield code="g">10.00</subfield>
    <subfield code="o">Rev.Derecho/N&#xB0;87/1939</subfield>
    <subfield code="p">REVC000674</subfield>
    <subfield code="r">2022-03-07</subfield>
    <subfield code="y">PP</subfield>
  </datafield>
</record>
